00603nas a2200181 a 450000100100000000500170001000800410002704000250006804300090009324500100010226000570011230000250016931000160019436200310021050000580024195201050029999900170040400003754520200930080428.0120425c20059999dr ur1p dd 0 0spa d aDO-SdBNPbspacBNPHU anwdr00aProa. aSanto Domingo :bMarina de Guerra Dominicana,c2005. av.- :bil. ;c29 cm. aDesxonocido1 aAño 2. no. 9 (feb. 2005) aCatalogación basada en : Año 2. no. 9 (feb. 2005) 0010718PDaPDbPDcHDd2015-06-17iLF1l0o p37545-10r2020-06-25w2020-06-25yLFPDZNo se presta c37035d37035